[Event "Manila"]
[Site "Manila PHI"]
[Date "1973.10.21"]
[Round "4"]
[White "Quinteros, Miguel A"]
[Black "Gheorghiu, Florin"]
[Result "1-0"]
[WhiteElo "2520"]
[BlackElo "2550"]
[PlyCount "159"]
[EventDate "1973.10.??"]
[Source "www.chesslib.no"]
[SourceDate "2004.05.04"]

1. e4 c5 2. Nf3 d6 3. d4 cxd4 4. Nxd4 Nf6 5. Nc3 Nc6 6. Bc4 Qb6 7. Nde2 e6 8. Bb3 a6 9. Bg5 Qc7 10. Bxf6 gxf6 11. f4 Bd7 12. O-O Qa5 13. f5 Qe5 14. Nf4 Bh6 15. fxe6 fxe6 16. Qh5+ Qxh5 17. Nxh5 Ke7 18. Nxf6 Raf8 19. Nxd7 Be3+ 20. Kh1 Kxd7 21. Ne2 Nd4 22. Ng3 Bf4 23. Nh5 Be5 24. c3 Nxb3 25. axb3 Ke7 26. g3 Rfg8 27. Rf3 Rg5 28. Nf4 h5 29. Nh3 Rg7 30. Nf2 Rhg8 31. Rf1 Rh8 32. Kg2 Rhg8 33. Nd3 h4 34. Nxe5 dxe5 35. Kh3 hxg3 36. hxg3 Rh7+ 37. Kg2 Rgh8 38. R1f2 Rh2+ 39. Kf1 Rh1+ 40. Ke2 R8h7 41. Rf1 R1h2+ 42. R3f2 R2h3 43. Rg2 Rg7 44. Rf3 Rg4 45. Re3 Kd6 46. b4 Ke7 47. Kd3 Kd6 48. Kc4 Kc6 49. Kb3 Kc7 50. Ka3 Kc6 51. Ka4 Rg7 52. Rd3 Rg4 53. Rgd2 Rh7 54. Re3 Rh3 55. Rdd3 Rh2 56. Kb3 Rg2 57. c4 Rg7 58. Rf3 Re2 59. Rde3 Rg2 60. Kc3 Rg4 61. c5 a5 62. bxa5 Kxc5 63. Rf7 Kc6 64. b4 R2xg3 65. Rxg3 Rxg3+ 66. Kc4 Re3 67. b5+ Kd6 68. Rxb7 Rxe4+ 69. Kc3 Re3+ 70. Kc2 Re2+ 71. Kd1 Ra2 72. a6 e4 73. a7 e5 74. b6 Ra1+ 75. Ke2 Ra2+ 76. Ke3 Ra3+ 77. Kf2 Ra2+ 78. Kg3 Ra3+ 79. Kg4 e3 80. Kf3 1-0

[Event "JUG-ch"]
[Site "Belgrade"]
[Date "1999.??.??"]
[Round "5"]
[White "Tosic, Miroslav"]
[Black "Damljanovic, Branko"]
[Result "1-0"]
[WhiteElo "2517"]
[BlackElo "2551"]
[PlyCount "79"]
[EventDate "1999.03.??"]
[Source "www.chesslib.no"]
[SourceDate "2004.05.04"]

1. e4 c5 2. Nf3 d6 3. d4 cxd4 4. Nxd4 Nf6 5. Nc3 Nc6 6. Bc4 Qb6 7. Nb3 e6 8. O-O Be7 9. Kh1 Qc7 10. f4 a6 11. Bd3 b5 12. Qe1 O-O 13. Bd2 Rb8 14. Qg3 b4 15. Ne2 d5 16. e5 Ne4 17. Qh3 f5 18. Be3 a5 19. g4 a4 20. Nbd4 Nxd4 21. Bxd4 Bc5 22. gxf5 exf5 23. Qe3 Be7 24. Rf3 Be6 25. Rg1 Rf7 26. Rh3 g6 27. Rf3 Rg7 28. Rff1 Qb7 29. Rg2 Rc8 30. Rfg1 Kf7 31. Rf1 Qc6 32. Ng1 h6 33. Nf3 Rcg8 34. Qe2 Qa8 35. Be3 Qc8 36. Nd4 Rh8 37. Ba6 Qc7 38. Rfg1 Rhg8 39. Qf3 a3 40. b3 1-0

[Event "Bermuda-A"]
[Site "Bermuda"]
[Date "2002.01.24"]
[Round "4"]
[White "Macieja, Bartlomiej"]
[Black "Vuckovic, Bojan"]
[Result "1-0"]
[WhiteElo "2612"]
[BlackElo "2455"]
[PlyCount "113"]
[EventDate "2002.01.21"]
[Source "ChessBase"]
[SourceDate "2002.03.21"]

1. e4 c5 2. Nf3 d6 3. d4 cxd4 4. Nxd4 Nf6 5. Nc3 Nc6 6. Bc4 Qb6 7. Ndb5 a6 8. Be3 Qa5 9. Nd4 Ne5 10. Nb3 Qc7 11. Bd3 e6 12. Qe2 b5 13. f4 Nc4 14. Bc1 Bb7 15. a4 b4 16. Nd1 Rc8 17. Nf2 Be7 18. Nd2 Nxd2 19. Bxd2 d5 20. e5 Ne4 21. O-O O-O 22. Rae1 Bc5 23. Be3 Qc6 24. Qh5 g6 25. Qh4 Nxf2 26. Rxf2 Rfe8 27. Bxc5 Qxc5 28. b3 a5 29. Qf6 Ra8 30. h4 Ba6 31. Bxa6 Rxa6 32. h5 Rc6 33. h6 Qf8 34. f5 Rc7 35. fxg6 fxg6 36. Qh4 Qc5 37. Kh1 Qe7 38. Qg4 Rcc8 39. Ref1 Rf8 40. Rf6 Rxf6 41. exf6 Qf7 42. Qf4 Rf8 43. Qe5 Rd8 44. g4 Rd7 45. Re1 Qe8 46. Qxe6+ Qxe6 47. Rxe6 Kf7 48. Ra6 g5 49. Rxa5 Kxf6 50. Rb5 Ke5 51. Rxb4 Rc7 52. a5 Rxc2 53. a6 Rc8 54. Kg2 d4 55. Kf3 Ra8 56. Ra4 Ra7 57. Ra5+ 1-0

[Event "RUS Team Ch"]
[Site "Podolsk RUS"]
[Date "1992.??.??"]
[Round "?"]
[White "Shtyrenkov, Veniamen"]
[Black "Khalifman, Alexander V"]
[Result "1/2-1/2"]
[WhiteElo "2440"]
[BlackElo "2625"]
[PlyCount "61"]
[EventDate "1992.??.??"]
[Source "www.chesslib.no"]
[SourceDate "2004.05.04"]

1. e4 c5 2. Nf3 d6 3. d4 cxd4 4. Nxd4 Nf6 5. Nc3 Nc6 6. Bc4 Qb6 7. Nb3 e6 8. O-O Be7 9. a4 a6 10. a5 Qc7 11. Be3 Nb4 12. Qe2 d5 13. Bd3 dxe4 14. Nxe4 Nfd5 15. Bd2 O-O 16. Nc3 Nf4 17. Bxf4 Qxf4 18. Be4 Qc7 19. Na4 Bd7 20. Nb6 Rad8 21. Nxd7 Rxd7 22. Rfd1 Rfd8 23. Rxd7 Rxd7 24. c3 Nc6 25. Rd1 Rxd1+ 26. Qxd1 g6 27. g3 Kg7 28. Qe2 Nxa5 29. Nxa5 Qxa5 30. Bxb7 Qa1+ 31. Kg2 1/2-1/2

[Event "Mitropa Cup"]
[Site "Portoroz"]
[Date "1998.??.??"]
[Round "2"]
[White "Kindermann, Stefan"]
[Black "Pelletier, Yannick"]
[Result "1/2-1/2"]
[WhiteElo "2540"]
[BlackElo "2525"]
[PlyCount "43"]
[EventDate "1998.07.??"]
[Source "www.chesslib.no"]
[SourceDate "2004.05.04"]

1. e4 c5 2. Nf3 d6 3. d4 cxd4 4. Nxd4 Nf6 5. Nc3 Nc6 6. Bc4 Qb6 7. Nxc6 bxc6 8. O-O g6 9. Bb3 Bg7 10. Bf4 Nd7 11. Qf3 O-O 12. Bg5 Qc7 13. Qg3 Nc5 14. Qh4 Ba6 15. Rfe1 Rae8 16. Re3 Nxb3 17. axb3 Bc8 18. Rae1 e5 19. Rd3 f6 20. Bh6 Bxh6 21. Qxh6 f5 22. Red1 1/2-1/2

[Event "JUG-chT"]
[Site "Tivat"]
[Date "1995.??.??"]
[Round "1"]
[White "Sokolov, Andrei"]
[Black "Nevednichy, Vladislav"]
[Result "1-0"]
[WhiteElo "2585"]
[BlackElo "2480"]
[PlyCount "113"]
[EventDate "1995.??.??"]
[Source "ChessBase"]

1. e4 c5 2. Nf3 d6 3. d4 cxd4 4. Nxd4 Nf6 5. Nc3 Nc6 6. Bc4 Qb6 7. Nb3 e6 8. Bf4 Ne5 9. Be2 Bd7 10. Be3 Qc7 11. Nb5 Qb8 12. f4 Ng6 13. f5 exf5 14. exf5 Ne5 15. Qd4 a6 16. Nc3 Bxf5 17. O-O Be6 18. Rxf6 gxf6 19. Nd5 Qd8 20. Rd1 Be7 21. Qh4 Rc8 22. c3 h5 23. Bb6 Qd7 24. Nxf6+ Bxf6 25. Qxf6 Rg8 26. Bxh5 Qe7 27. Qh6 Bd7 28. g3 Rc6 29. Bd4 Qg5 30. Qxg5 Rxg5 31. Be2 Bg4 32. Bxg4 Rxg4 33. Nd2 f6 34. Kg2 Kf7 35. h3 Rg6 36. Rf1 Ke6 37. g4 Rc8 38. Ne4 f5 39. Rxf5 Rcg8 40. Ng3 Nc6 41. Rf4 Nxd4 42. Rxd4 Rg5 43. Ne4 Rb5 44. b3 d5 45. a4 Ra5 46. b4 dxe4 47. bxa5 Ke5 48. Rd7 Rc8 49. Re7+ Kf4 50. Rf7+ Ke5 51. g5 Rxc3 52. h4 Rc2+ 53. Kg3 Rc1 54. Kg4 e3 55. Re7+ Kd4 56. h5 Kd3 57. h6 1-0

[Event "Russia (ch)"]
[Site "?"]
[Date "1995.??.??"]
[Round "?"]
[White "Sokolov, A."]
[Black "Belikov, V."]
[Result "1/2-1/2"]
[WhiteElo "2585"]
[BlackElo "2480"]
[PlyCount "39"]
[EventDate "1995.??.??"]
[Source "ChessBase"]
[SourceDate "1995.10.01"]

1. e4 c5 2. Nf3 d6 3. d4 cxd4 4. Nxd4 Nf6 5. Nc3 Nc6 6. Bc4 Qb6 7. Nb3 e6 8. Bf4 Ne5 9. Be2 Bd7 10. Be3 Qc7 11. Nb5 Bxb5 12. Bxb5+ Nc6 13. Nd2 d5 14. exd5 Nxd5 15. Qf3 Be7 16. Bxc6+ Qxc6 17. c4 Nb4 18. Qxc6+ Nxc6 19. Ke2 O-O-O 20. Nf3 1/2-1/2